Państwa Ameryki Południowej-nagła śmierć - Statystyki

Ogólne statystyki
  • Ten quiz został rozwiązany 47 razy
  • Średni wynik to 7 z 13
Answers on the Grid
Answers color-coded by a green-red scale on the quiz's grid according to % correct below.
Brazylia
Polska
Chile
Trynidad i Tobago
Kuba
Argentyna
Gujana Francuska
Boliwia
Belize
Indie
Paragwaj
Łotwa
Urugwaj
Surinam
Dominika
Ekwador
Tonga
Kolumbia
Malediwy
Wenezuela
Kostaryka
Gujana
USA
Peru
Kanada
Kiribati
 
Statystyki odpowiedzi
Odpowiedź % Poprawnych
Brazylia
100%
Chile
79%
Argentyna
72%
Urugwaj
55%
Boliwia
52%
Kolumbia
52%
Ekwador
48%
Paragwaj
48%
Wenezuela
48%
Gujana
41%
Peru
41%
Surinam
34%
Trynidad i Tobago
14%
Nie znaleziono quizów pasujących do podanych kryteriów
Rozkład punktacji
Procent ludzi z każdym wynikiem
Percentyl według liczby udzielonych odpowiedzi
Twoja historia wyników
Nie rozwiązałeś tego quizu